书目信息 |
| 题名: |
控制测量学
|
|
| 作者: | 拓万兵 著 | |
| 分册: | ||
| 出版信息: | 哈尔滨 哈尔滨工业大学出版社 2020.9 |
|
| 页数: | 254页 | |
| 开本: | 26cm | |
| 丛书名: | ||
| 单 册: | ||
| 中图分类: | P221 | |
| 科图分类: | ||
| 主题词: | 控制测量--高等学校--教材 | |
| 电子资源: | ||
| ISBN: | 978-7-5603-8202-9 | |
| 000 | 01304nam0 2200241 45 | |
| 001 | 012001002015 | |
| 005 | 20140913090930.0 | |
| 010 | @a978-7-5603-8202-9@dCNY62.00 | |
| 100 | @a20210419d2019 em y0chiy50 ea | |
| 101 | 0 | @achi |
| 102 | @aCN@b230000 | |
| 105 | @aak z 000yy | |
| 106 | @ar | |
| 200 | 1 | @a控制测量学@Akong zhi ce liang xue@e项目式教学@f拓万兵著 |
| 210 | @a哈尔滨@c哈尔滨工业大学出版社@d2020.9 | |
| 215 | @a254页@c图@d26cm | |
| 300 | @a应用型本科测绘地理信息类创新规划教材 本书系宁夏高校本科教学质量与教学改革工程项目——测绘工程重点建设专业 (培育) 宁夏高校本科教学改革工程项目——移动互联网背景下混合式教学模式改革与实践——以测绘类课程为例两个项目的共同研究成果 | |
| 330 | @a本书以“易,新、实“为编写原则,结合地方本科豌校学生培养目标及学习特点,以“易懂、够用”为度,以典型工程案例为背景,围绕工程项目生产过程中控制测量工作流程主线,秉承工作任务教学化,教学任务工作化的课程开发理念,编写的全书共分为9个项目、包括控制测量基本知识,控制网技术方案设计、平面控制网布设与实施、高程控制网布设与实施、地面观测成果归算至高斯平面、坐标转换及建立工程坐标系、控制网数据处理、控制测量技术总结与控制测量成果检查验教。 | |
| 606 | 0 | @a控制测量@x高等学校@j教材 |
| 690 | @aP221@v5 | |
| 701 | 0 | @a拓万兵@Atuo wan bing@4著 |
| 801 | 0 | @aCN@bBJSDL@c20211011 |
| 905 | @b1338109-12@dP221@e364@f4 | |
| 控制测量学:项目式教学/拓万兵著.-哈尔滨:哈尔滨工业大学出版社,2020.9 |
| 254页:图;26cm |
| 应用型本科测绘地理信息类创新规划教材 本书系宁夏高校本科教学质量与教学改革工程项目——测绘工程重点建设专业 (培育) 宁夏高校本科教学改革工程项目——移动互联网背景下混合式教学模式改革与实践——以测绘类课程为例两个项目的共同研究成果 |
| ISBN 978-7-5603-8202-9:CNY62.00 |
| 本书以“易,新、实“为编写原则,结合地方本科豌校学生培养目标及学习特点,以“易懂、够用”为度,以典型工程案例为背景,围绕工程项目生产过程中控制测量工作流程主线,秉承工作任务教学化,教学任务工作化的课程开发理念,编写的全书共分为9个项目、包括控制测量基本知识,控制网技术方案设计、平面控制网布设与实施、高程控制网布设与实施、地面观测成果归算至高斯平面、坐标转换及建立工程坐标系、控制网数据处理、控制测量技术总结与控制测量成果检查验教。 |
| ● |
| 相关链接 |
|
|
|
|
正题名:控制测量学
索取号:P221/364
 
预约/预借
| 序号 | 登录号 | 条形码 | 馆藏地/架位号 | 状态 | 备注 |
| 1 | 1338109 | 213381099 | 第二样本阅览室/ [索取号:P221/364] | 在馆 | |
| 2 | 1338110 | 213381106 | 第三借阅区/ [索取号:P221/364] | 在馆 | |
| 3 | 1338111 | 213381115 | 第三借阅区/ [索取号:P221/364] | 在馆 | |
| 4 | 1338112 | 213381124 | 第三借阅区/ [索取号:P221/364] | 在馆 |